Top 50 most powerful countries - Statistics

General Stats
  • This quiz has been taken 4,197 times
  • The average score is 39 of 50
Answer Stats
Rank Country % Correct
1 United States
99%
3 China
98%
2 Russia
98%
5 United Kingdom
97%
6 France
96%
4 India
96%
8 Germany
94%
22 Brazil
93%
9 Japan
93%
14 Canada
92%
31 Mexico
90%
7 South Korea
90%
16 Italy
89%
37 Spain
89%
13 Australia
88%
46 Argentina
87%
18 Egypt
87%
23 Iran
86%
17 Pakistan
86%
24 Sweden
86%
10 Turkey
86%
12 Indonesia
85%
28 Saudi Arabia
85%
19 Poland
84%
32 South Africa
84%
33 Norway
83%
25 Ukraine
82%
47 Finland
80%
11 Israel
76%
20 Thailand
75%
21 Vietnam
74%
42 Chile
72%
38 Denmark
72%
27 Algeria
71%
36 Netherlands
71%
40 Nigeria
71%
30 Switzerland
71%
34 Austria
69%
50 Peru
66%
49 UAE
66%
35 Malaysia
65%
15 Taiwan
63%
48 Morocco
60%
29 Czech Rep
56%
26 Singapore
55%
45 Ethiopia
53%
39 Philippines
52%
43 Burma
50%
41 Syria
50%
44 Belarus
47%
No matching quizzes found
Score Distribution
Percent of People with Each Score
Percentile by Number Answered
Your Score History
You have not taken this quiz